Poradenstvo v manažmente, marketingu a podnikaní zmena ako hodnota pre firmy
Enregistré dans:
| Auteur principal: | |
|---|---|
| Autres auteurs: | , , , |
| Format: | Livre |
| Langue: | slovaque |
| Publié: |
Bratislava
GRADA Slovakia, s.r.o.
2025
|
| Édition: | 1. vydanie |
| Sujets: | |
| Tags: |
Pas de tags, Soyez le premier à ajouter un tag!
|
MARC
| LEADER | 00000nam a2200000 4500 | ||
|---|---|---|---|
| 001 | 0314264 | ||
| 005 | 20260121082642.2 | ||
| 020 | |a 978-80-8305-210-9 | ||
| 041 | 0 | |a slo | |
| 044 | |a SK | ||
| 245 | 1 | 0 | |a Poradenstvo v manažmente, marketingu a podnikaní |b zmena ako hodnota pre firmy |c Eva Hanuláková, Martin Mravec, Milan Oreský ; recenzenti: Miroslav Karlíček, Ján Hámorník |
| 250 | |a 1. vydanie | ||
| 264 | 1 | |a Bratislava |b GRADA Slovakia, s.r.o. |c 2025 | |
| 300 | |a 284 s. [16,3 AH] | ||
| 610 | 2 | 0 | |a poradenstvo |
| 610 | 2 | 0 | |a služby poradenské |
| 610 | 2 | 0 | |a manažment |
| 610 | 2 | 0 | |a marketing |
| 610 | 2 | 0 | |a podnikanie |
| 610 | 2 | 0 | |a poradcovia |
| 610 | 2 | 0 | |a modely |
| 610 | 2 | 0 | |a postupy pracovné |
| 100 | 1 | |a Hanuláková, Eva, 1964- | |
| 700 | 1 | |a Mravec, Martin, 1972- | |
| 700 | 1 | |a Oreský, Milan, 1956- | |
| 700 | 1 | |a Karlíček, Miroslav | |
| 700 | 1 | |a Hámorník, Ján | |